World war III : population and the biosphere at the end of the millenium

Αποθηκεύτηκε σε:
Λεπτομέρειες βιβλιογραφικής εγγραφής
Κύριος συγγραφέας: Tobias, Michael
Μορφή: Βιβλίο
Γλώσσα:English
Δημοσίευση: Santa fe : Bear & Company, c1994
Θέματα:
Ετικέτες: Προσθήκη ετικέτας
Δεν υπάρχουν, Καταχωρήστε ετικέτα πρώτοι!

MARC

LEADER 00000nam a2200000 i 4500
001 1/24146
008 981126s1994 eng d
020 |a 1-879181-18-5 
035 |l 10037026 
040 |a GR-MY-UA  |b gre  |e aacr 
041 0 |a eng 
082 0 |a 363.91 
100 1 |a Tobias, Michael. 
245 1 0 |a World war III :  |b population and the biosphere at the end of the millenium /  |c Michael Tobias 
260 |a Santa fe :   |b Bear & Company,   |c c1994 
300 |a 609 p. 
504 |a Includes bibliographical references and index 
650 0 0 |a Overpopulation. 
650 0 0 |a Overpopulation  |x Environmental aspects. 
650 0 0 |a Population policy. 
650 0 0 |a Nature  |x Effect of human beings on. 
650 0 0 |a Environmental degradation  |x Social aspects. 
852 |a INST  |b LESVOS  |e 19981126  |h 363.91 TOB  |p 005100017992  |q 005100017992  |t BK  |y 0 
901 |a BIBL-1998-3 
909 |a Λ  |b 060316 
922 |a 1ΕΛΗ  |b 199810  |c ΚΠΣ/ΤΓ  |d ΠΑΠΑΣΩΤΗΡΙΟΥ 
950 |a 118-1998-07-21